00378nam a2200157Ia 45000010006000000050017000060080041000230410008000640820016000721000028000882450046001162600009001623000033001716500008002046540008002121361320260306164814.0260306t2000||||xx |||||||||||||| ||spa|| aESP a005.1bH93A aHumphrey, Watts S.eAUT 0aIntroduction to the team software process c2000 axxv, 463 páginas :c24 cm. aGEN aCCC